| Tag |
First Indicator |
Second Indicator |
Subfields |
| LEADER |
00000cam a22000008a 4500 |
| 001 |
in00001089921 |
| 005 |
20150929205516.0 |
| 008 |
920923s1992 gw b 000 0 eng |
| 010 |
|
|
|a 92036753
|
| 020 |
|
|
|a 1560811978 (acid-free) :
|c $50.00
|
| 035 |
|
|
|a (OCoLC)26764608
|
| 035 |
|
|
|9 AFT5616AM
|
| 040 |
|
|
|a DLC
|c DLC
|d TXA
|d UtOrBLW
|
| 041 |
0 |
|
|a eng
|h dut
|
| 049 |
|
|
|a TXAM
|
| 050 |
0 |
0 |
|a TK7874
|b .V397 1992
|
| 082 |
0 |
0 |
|a 621.3815
|2 20
|
| 100 |
1 |
|
|a Veendrick, H. J. M.
|q (Harry J. M.)
|
| 245 |
1 |
0 |
|a MOS ICs :
|b from Basics to ASICS /
|c H.J.M. Veendrick.
|
| 250 |
|
|
|a 1st (english) ed.
|
| 263 |
|
|
|a 9210
|
| 264 |
|
1 |
|a Weinheim ;
|a New York :
|b VCH,
|c 1992.
|
| 300 |
|
|
|a 430 pages :
|b illustrations
|
| 336 |
|
|
|a text
|b txt
|2 rdacontent
|
| 337 |
|
|
|a unmediated
|b n
|2 rdamedia
|
| 338 |
|
|
|a volume
|b nc
|2 rdacarrier
|
| 500 |
|
|
|a Revised translation of the Dutch original. Originally published: Amerongen : Delta Press BV, 1990.
|
| 504 |
|
|
|a Includes bibliographical references and index.
|
| 650 |
|
0 |
|a Integrated circuits.
|
| 650 |
|
0 |
|a Metal oxide semiconductors.
|
| 650 |
|
0 |
|a Application-specific integrated circuits.
|
| 999 |
|
|
|a MARS
|
| 999 |
f |
f |
|s 1faf449b-a715-39b0-807f-492d5fb2c251
|i 1fe45bc3-9147-3bf2-856a-02ad18a48af8
|t 0
|
| 952 |
f |
f |
|p ric
|a Texas A&M University
|b Rellis Campus
|c Joint Library Facility
|d Remote Storage
|t 0
|e TK7874 .V397 1992
|h Library of Congress classification
|i unmediated -- volume
|m A14816789724
|
| 998 |
f |
f |
|a TK7874 .V397 1992
|t 0
|l Remote Storage
|